[Event "British Chess Championships 2023: First Blitz Open"]
[Site "The Venue, De Montfort University, 20 Western Boulevard, Leicester, LE2 7BU"]
[Date "2023.07.20"]
[Round "2"]
[Board "11"]
[White "Kothari, Jai"]
[Black "Hayes, Solomon"]
[Result "1-0"]
[WhiteElo "1951"]
[BlackElo "1781"]
[PlyCount "0"]
[EventDate "2023.07.20"]
[EventRounds "9"]
[EventCountry "ENG"]

1. e4 c5 2. Nf3 Nc6 3. Bb5 g6 4. O-O Bg7 5. c3 e5 6. d3 Nf6 7. Nbd2 O-O 8. Qc2 Re8
9. Re1 d6 10. Nc4 Qc7 11. Ne3 Bd7 12. Bxc6 Bxc6 13. c4 Rad8 14. a3 a6 15. b4 b5 16.
Bb2 bxc4 17. Qxc4 Bb5 18. Qc2 d5 19. exd5 Nxd5 20. Nc4 Nf4 21. Rad1 Qd7 22. Ncxe5
Qf5 23. Qxc5 Rd5 24. Qc1 Nxd3 25. Nxd3 Rxe1+ 26. Ndxe1 Rxd1 27. Qxd1 Bxb2 28. Nd4
Bxd4 29. Qxd4 Qb1 30. Qe3 Qa1 31. h3 Kg7 32. Kh2 Qf6 33. Nf3 Qd6+ 34. g3 Bc6 35.
Qd4+ Qf6 36. Qxf6+ Kxf6 37. Nd4 Bd5 38. f4 Ke7 39. Kg1 Kd6 40. Kf2 f5 41. Ke3 Ba2
42. Nf3 Bd5 43. Ne5 Bg2 44. Kd4 Bxh3 45. Nf7+ Ke7  1-0

[Event "British Chess Championships 2023: First Blitz Open"]
[Site "The Venue, De Montfort University, 20 Western Boulevard, Leicester, LE2 7BU"]
[Date "2023.07.20"]
[Round "2"]
[Board "12"]
[White "Vashisht-Pigem, Raman"]
[Black "Masani, Matthew M"]
[Result "0-1"]
[WhiteElo "1695"]
[BlackElo "1862"]
[PlyCount "0"]
[EventDate "2023.07.20"]
[EventRounds "9"]
[EventCountry "ENG"]

1. e4 d5 2. exd5 Nf6 3. d4 Bg4 4. Be2 Bxe2 5. Nxe2 Qxd5 6. O-O Nc6 7. c3 O-O-O 8.
Qb3 Qh5 9. Ng3 Qg6 10. Be3 e5 11. d5 Nxd5 12. Na3 Nxe3 13. fxe3 f6 14. Rad1 Bc5 15.
Nc4 h5 16. Rxd8+ Rxd8 17. Rd1 Rxd1+ 18. Qxd1 h4 19. Nf1 h3 20. g3 Qe4 21. Qe2 a6
22. Ncd2 Qd5 23. Qg4+ Kb8 24. Qxh3 Bxe3+ 25. Nxe3 Qxd2 26. Nc4 Qe1+ 27. Qf1 Qe4 28.
Nd2 Qe3+ 29. Qf2 Qd3 30. Nb3 Qb1+ 31. Kg2 Qxa2 32. Nc5 Qd5+ 33. Kg1 e4 34. Qe3 f5
35. g4 g6 36. gxf5 gxf5 37. h4 Ne5 38. h5 Nf3+ 39. Kf2 Qd1 40. h6 Qg1+ 41. Ke2 Qg2+
42. Qf2 Qg4 43. h7 Ng5+ 44. Kd2 Nxh7 45. Nd7+ Kc8 46. Qd4 f4 47. Qh8+ Kxd7 48. Qxh7+
Kc6 49. Qxe4+ Kb6 50. Qd4+ Kc6 51. Qe4+ Kd6 52. Qd4+ Ke7 53. Qe5+ Kd7 54. Qd5+ Kc8
55. Qe5 Qg2+ 56. Kd3 Qf1+  0-1

[Event "British Chess Championships 2023: First Blitz Open"]
[Site "The Venue, De Montfort University, 20 Western Boulevard, Leicester, LE2 7BU"]
[Date "2023.07.20"]
[Round "2"]
[Board "13"]
[White "Gay, Simon P"]
[Black "Patel, Rishi"]
[Result "0-1"]
[WhiteElo "1846"]
[BlackElo "1762"]
[PlyCount "0"]
[EventDate "2023.07.20"]
[EventRounds "9"]
[EventCountry "ENG"]

1. e4 e5 2. f4 Bc5 3. Nf3 Nc6 4. Nc3 d6 5. Bb5 Nf6 6. Bxc6+ bxc6 7. d3 Ng4 8. d4
exd4 9. Na4 Bb4+ 10. Bd2 Ne3 11. Qc1 Nxg2+ 12. Kf2 Bxd2 13. Qxd2 Nh4 14. Qxd4 O-O
15. Rhg1 g6 16. Rg3 f5 17. Qc4+ d5 18. exd5 cxd5 19. Qd4 Nxf3 20. Kxf3 Re8 21. Nc5
Qe7 22. Qxd5+ Kf8 23. Qxa8 Qe2#  0-1

[Event "British Chess Championships 2023: First Blitz Open"]
[Site "The Venue, De Montfort University, 20 Western Boulevard, Leicester, LE2 7BU"]
[Date "2023.07.20"]
[Round "2"]
[Board "14"]
[White "Pandya, Dhairya"]
[Black "Goatcher, Matthew W"]
[Result "0-1"]
[WhiteElo "1662"]
[BlackElo "1806"]
[PlyCount "0"]
[EventDate "2023.07.20"]
[EventRounds "9"]
[EventCountry "ENG"]

1. e4 Nf6 2. e5 Nd5 3. d4 d6 4. c4 Nb6 5. f4 dxe5 6. fxe5 Nc6 7. Nf3 Bg4 8. Be3 e6
9. Nc3 Be7 10. h3 Bxf3 11. gxf3 O-O 12. Rg1 Re8 13. Bd3 Bh4+ 14. Ke2 Kh8 15. Be4
Rb8 16. Qd3 g6 17. Rg4 Be7 18. h4 Nb4 19. Qd1 h5 20. Rg2 Nxc4 21. Bg5 Bxg5 22. hxg5
Nd5 23. Bxd5 exd5 24. b3 Na5 25. Qd3 Kg7 26. Rh1 Re6 27. Qb5 Nc6 28. Kd3 a6 29. Qxd5
Nb4+ 30. Ke4 Nxd5 31. Nxd5 c6 32. Nf6 Rxf6 33. gxf6+ Kf8 34. Rgh2 Qd5+ 35. Ke3 Rd8
36. Rd2 c5 37. Rhd1 cxd4+ 38. Kf4 g5+ 39. Kxg5 Qxe5+ 40. Kh4 Qxf6+ 41. Kxh5 Rd5+
42. Kg4 Rg5+ 43. Kh4 Qh6#  0-1

[Event "British Chess Championships 2023: First Blitz Open"]
[Site "The Venue, De Montfort University, 20 Western Boulevard, Leicester, LE2 7BU"]
[Date "2023.07.20"]
[Round "3"]
[Board "1"]
[White "Khan, Mohammed"]
[Black "Han, Yichen"]
[Result "0-1"]
[WhiteElo "1949"]
[BlackElo "2355"]
[PlyCount "0"]
[EventDate "2023.07.20"]
[EventRounds "9"]
[EventCountry "ENG"]

1. e4 e5 2. Bc4 Nf6 3. d3 Nc6 4. Nc3 Bc5 5. Nge2 Ng4 6. d4 exd4 7. Na4 Bb4+ 8. Bd2
Qh4 9. Ng3 Bxd2+ 10. Qxd2 d6 11. Qf4 Qf6 12. Qd2 a6 13. Bd5 O-O 14. h3 Nge5 15. f4
Ng6 16. O-O Nce7 17. b3 Nxd5 18. exd5 Ne7 19. c4 b5 20. Nb2 Nf5 21. Nxf5 Bxf5 22.
Rad1 d3 23. Nxd3 bxc4 24. bxc4 Qd4+ 25. Kh2 Qxc4 26. g4 Bxd3 27. Qxd3 Qxa2+ 28. Rd2
Qa4 29. Qc3 Qd7 30. f5 f6 31. Rc2 Rfe8 32. Rff2 Re7 33. h4 Re4 34. Kg3 Qa4 35. Qf3
Rae8 36. Rc3 Qd4 37. Kg2 Rxg4+ 38. Kh2 Rxh4+ 39. Kg3 Rg4+  0-1

[Event "British Chess Championships 2023: First Blitz Open"]
[Site "The Venue, De Montfort University, 20 Western Boulevard, Leicester, LE2 7BU"]
[Date "2023.07.20"]
[Round "3"]
[Board "2"]
[White "Dong, Bao Nghia"]
[Black "Dhemrait, Jagdeep"]
[Result "1-0"]
[WhiteElo "2310"]
[BlackElo "1718"]
[PlyCount "0"]
[EventDate "2023.07.20"]
[EventRounds "9"]
[EventCountry "ENG"]

1. d4 Nf6 2. c4 e6 3. Nc3 d5 4. g3 c5 5. Nf3 Nc6 6. Bg2 cxd4 7. Nxd4 Bb4 8. Nxc6
bxc6 9. Qa4 Qb6 10. Be3 Bc5 11. Bxc5 Qxc5 12. cxd5 exd5 13. O-O Bd7 14. Rfc1 Qb6
15. Qa3 a5 16. Na4 Qb4 17. Qe3+ Kf8 18. b3 Re8 19. Qd3 Ne4 20. a3 Qe7 21. Bxe4 Qxe4
22. Qxe4 Rxe4 23. Nc5 Re7 24. Nxd7+ Rxd7 25. Rxc6 Ke7 26. Rd1 Rb8 27. Rd3 Rdb7 28.
Rxd5 Rxb3 29. Rxa5 Rb2 30. Re5+ Kf8 31. a4 Ra2 32. a5 Ra8 33. Rcc5 f6 34. Re3 R2xa5
35. Rxa5 Rxa5 36. Kg2 Kf7 37. Rb3 Re5 38. Kf3 Kg6 39. e4 Kg5 40. h4+ Kg6 41. Kf4
h5 42. Rd3 Kf7 43. Rd7+ Kf8 44. Rd5 Rxd5 45. exd5 g6 46. Ke4 Ke7 47. f4 Kd6 48. f5
gxf5+ 49. Kxf5  1-0

[Event "British Chess Championships 2023: First Blitz Open"]
[Site "The Venue, De Montfort University, 20 Western Boulevard, Leicester, LE2 7BU"]
[Date "2023.07.20"]
[Round "3"]
[Board "3"]
[White "Dayal, Samar"]
[Black "Badacsonyi, Stanley"]
[Result "0-1"]
[WhiteElo "1151"]
[BlackElo "2231"]
[PlyCount "0"]
[EventDate "2023.07.20"]
[EventRounds "9"]
[EventCountry "ENG"]

1. e4 e6 2. d4 d5 3. exd5 exd5 4. c4 Nf6 5. Nc3 Bb4 6. Nf3 O-O 7. Bd3 dxc4 8. Bxc4
Bg4 9. O-O Nc6 10. Be3 Rb8 11. h3 Bxf3 12. gxf3 Qd7 13. Kh2 Bd6+ 14. f4 Rbe8 15.
Rg1 Qf5 16. Qf3 a6 17. Rg2 Qh5 18. Qg3 g6 19. Be2 Qh6 20. Qg5 Qxg5 21. Rxg5 Re7 22.
d5 Nb4 23. Rd1 Rfe8 24. a3 Nc2 25. Rd3 Nxe3 26. fxe3 Rxe3 27. Rxe3 Rxe3 28. Rg1 Bxf4+
29. Kg2 Be5 30. Kf2 Rxh3 31. b4 Rxc3 32. Rd1 Ne4+ 33. Kg2 Rg3+ 34. Kh2 Re3+ 35. Kh1
Rxe2 36. a4 Nf2+ 37. Kg2 Nxd1+ 38. Kf3 Re3+ 39. Kg2 Re4 40. b5 Rxa4 41. bxa6 Rxa6
42. d6 cxd6 43. Kf1 b5 44. Kg2 b4 45. Kf1 b3 46. Kg2 b2 47. Kf1 b1=Q 48. Ke2 Ra2+
49. Ke1 Nc3#  0-1

[Event "British Chess Championships 2023: First Blitz Open"]
[Site "The Venue, De Montfort University, 20 Western Boulevard, Leicester, LE2 7BU"]
[Date "2023.07.20"]
[Round "3"]
[Board "4"]
[White "Matlak, Oleksandr"]
[Black "Wells, Tony D"]
[Result "0-1"]
[WhiteElo "2158"]
[BlackElo "2070"]
[PlyCount "0"]
[EventDate "2023.07.20"]
[EventRounds "9"]
[EventCountry "ENG"]

1. e4 e5 2. Nf3 Nc6 3. Bc4 Nf6 4. Ng5 Bc5 5. Bxf7+ Ke7 6. Bb3 Rf8 7. O-O d6 8. d3
Bg4 9. Nf3 Qe8 10. Be3 Nd4 11. Bxd4 Bxd4 12. c3 Nh5 13. Nbd2 Nf4 14. cxd4 Nxg2 15.
Qc1 c6 16. dxe5 Qh5 17. exd6+ Kd7 18. Nd4 Nf4 19. f3 Bh3 20. Kf2 Nxd3+ 21. Ke3 Nxc1
22. Rfxc1 Qg5+ 23. Kd3 Rae8 24. Rg1 Qf4 25. Rxg7+ Kd8 26. Rag1 Qxd6 27. Nc4 Qc5 28.
Rxh7 Be6 29. Nxe6+ Rxe6  0-1

[Event "British Chess Championships 2023: First Blitz Open"]
[Site "The Venue, De Montfort University, 20 Western Boulevard, Leicester, LE2 7BU"]
[Date "2023.07.20"]
[Round "3"]
[Board "5"]
[White "Broughton, Daniel"]
[Black "Wastney, Dylan"]
[Result "1-0"]
[WhiteElo "1972"]
[BlackElo "1878"]
[PlyCount "0"]
[EventDate "2023.07.20"]
[EventRounds "9"]
[EventCountry "ENG"]

1. d4 Nf6 2. c4 e6 3. Nc3 d5 4. e3 Bb4 5. Qc2 O-O 6. Nf3 Nbd7 7. Be2 dxc4 8. Bxc4
c5 9. O-O cxd4 10. Nxd4 Ne5 11. Be2 Qe7 12. a3 Bxc3 13. Qxc3 Bd7 14. b3 Rac8 15.
Qb2 Rc7 16. Bd2 Rfc8 17. Rac1 Nc6 18. Nb5 a6 19. Nxc7 Rxc7 20. Bf3 Rc8 21. Rfd1 h6
22. h3 Rd8 23. Bc3 e5 24. Bxc6 Bxc6 25. Rxd8+ Qxd8 26. Bxe5 Qd5 27. f3 Nh5 28. b4
f6 29. Bh2 Qe6 30. Qd4 Qb3 31. Qc3 Qe6 32. Kf2 f5 33. Rd1 Nf6 34. Be5 Nd5 35. Qd4
Qe7 36. Re1 Qf7 37. Bg3 Nf6 38. Qe5 Bb5 39. Qxf5 Qc4 40. Qf4 Qa2+ 41. Kg1 Qxa3 42.
Kh2 Qc3 43. Qb8+ Kh7 44. Qxb7 Nh5 45. Qe4+ Kg8 46. Qe6+ Kh8 47. Qe5 Qxe5 48. Bxe5
Kg8 49. Rd1 Kf7 50. g4 Nf6 51. Bxf6 Kxf6 52. Rd6+ Ke7 53. Rd2 Ke6 54. Kg3 Bc6 55.
Rd4 g5 56. f4 Bb5 57. fxg5 hxg5 58. h4 gxh4+ 59. Kxh4 Kf6 60. g5+ Kg6 61. Rd6+ Kg7
62. Kg4 Be2+ 63. Kf4 Bb5 64. e4 Kf7 65. Ke5 Ke7 66. Rd2 Bc6 67. Rf2 Be8 68. Kf5 Kf7
69. g6+ Kg7 70. Rg2 Bd7+ 71. Ke5 Be8 72. Kd6 Bb5 73. e5 Be8 74. Rg3 Bb5 75. e6 Ba4
76. e7 Be8 77. Kc7 Kg8 78. Kd8 Bb5 79. e8=Q  1-0

[Event "British Chess Championships 2023: First Blitz Open"]
[Site "The Venue, De Montfort University, 20 Western Boulevard, Leicester, LE2 7BU"]
[Date "2023.07.20"]
[Round "3"]
[Board "6"]
[White "Stubbs, Oliver"]
[Black "Masani, Matthew M"]
[Result "1-0"]
[WhiteElo "2050"]
[BlackElo "1862"]
[PlyCount "0"]
[EventDate "2023.07.20"]
[EventRounds "9"]
[EventCountry "ENG"]

1. d4 Nf6 2. Nf3 d5 3. Bf4 c5 4. e3 Nc6 5. Nbd2 Qb6 6. dxc5 Qxb2 7. Rb1 Qc3 8. Bb5
Bd7 9. O-O a6 10. Ba4 Ra7 11. Nb3 e6 12. a3 Bxc5 13. Bxc6 Bxc6 14. Be5 Qc4 15. Nfd2
Qh4 16. Nxc5 O-O 17. Nf3 Qg4 18. h3 Qg6 19. Bxf6 gxf6 20. Qd4 Kh8 21. Nd3 Rg8 22.
Nf4 Qe4 23. Qxe4 dxe4 24. Nd4 Ba4 25. Nh5 e5 26. Nb3 f5 27. Ng3 Rg5 28. h4 Rg6 29.
Nxf5 Rc6 30. Rfd1 Ra8 31. Rd2 Bb5 32. Rbd1 h5 33. Rd8+ Rxd8 34. Rxd8+ Kh7 35. Rd2
Kg6 36. Ng3 b6 37. Nxe4 a5 38. Rd6+ Rxd6 39. Nxd6 Bc6 40. Kf1 a4 41. Nd2 b5 42. f3
Kf6 43. N6e4+ Ke6 44. Ke2 f6 45. Kd3 f5 46. Nc5+ Kd5 47. Na6 b4 48. Nxb4+ Kc5 49.
Nxc6 Kxc6 50. Kc4  1-0

[Event "British Chess Championships 2023: First Blitz Open"]
[Site "The Venue, De Montfort University, 20 Western Boulevard, Leicester, LE2 7BU"]
[Date "2023.07.20"]
[Round "3"]
[Board "7"]
[White "Goatcher, Matthew W"]
[Black "Pilley, Jack"]
[Result "0-1"]
[WhiteElo "1806"]
[BlackElo "2037"]
[PlyCount "0"]
[EventDate "2023.07.20"]
[EventRounds "9"]
[EventCountry "ENG"]

1. c4 Nf6 2. g3 e6 3. Bg2 d5 4. cxd5 exd5 5. d4 Be7 6. Nc3 O-O 7. Bg5 c6 8. e3 h6
9. Bxf6 Bxf6 10. Nge2 Bf5 11. Nf4 Nd7 12. O-O Rc8 13. Rc1 Re8 14. Nd3 Nb6 15. b3
Qe7 16. Nc5 Rc7 17. Re1 Nd7 18. N3a4 Nxc5 19. Nxc5 b6 20. Nd3 Be4 21. f3 Bh7 22.
Nf4 Qd8 23. a4 a5 24. Nh5 Be7 25. e4 Bb4 26. Re2 dxe4 27. fxe4 Rd7 28. Rxc6 Rxd4
29. Qc1 Rd1+ 30. Qxd1 Qxd1+ 31. Bf1 Bc5+ 32. Kg2 Bxe4+ 33. Kh3 Bf5+ 34. g4 Rxe2 35.
Bxe2 Qxe2 36. Ng3 Qxg4+ 37. Kg2 Be4+  0-1

[Event "British Chess Championships 2023: First Blitz Open"]
[Site "The Venue, De Montfort University, 20 Western Boulevard, Leicester, LE2 7BU"]
[Date "2023.07.20"]
[Round "3"]
[Board "8"]
[White "Patel, Rishi"]
[Black "Kothari, Jai"]
[Result "1-0"]
[WhiteElo "1762"]
[BlackElo "1951"]
[PlyCount "0"]
[EventDate "2023.07.20"]
[EventRounds "9"]
[EventCountry "ENG"]

1. e4 e5 2. Nf3 Nc6 3. Bc4 Nf6 4. Ng5 d5 5. exd5 Na5 6. Bb5+ c6 7. dxc6 bxc6 8. Bd3
h6 9. Ne4 Nd5 10. O-O Be7 11. Re1 O-O 12. Ng3 Bd6 13. Nc3 f5 14. Bf1 Nb7 15. d4 Nxc3
16. bxc3 e4 17. Bc4+ Kh8 18. Qh5 Bd7 19. Bxh6 Be8 20. Qh3 Bf7 21. Bg5+ Kg8 22. Bxf7+
Rxf7 23. Bxd8 Rxd8 24. Nxf5 Bb8 25. Rxe4 Rdf8 26. Ne7+ Rxe7 27. Rxe7 Nd6 28. Qd7
Nf5 29. Re8 Bd6 30. g4 Kh7 31. Rxf8 Bxf8 32. Qxf5+ Kg8 33. Qxf8+ Kxf8 34. Rb1 Ke7
35. Rb7+ Kd6 36. Rxg7 a5 37. Ra7 a4 38. Rxa4 c5 39. dxc5+ Kxc5 40. h4 Kd6 41. g5
Ke6 42. g6 Kf6 43. h5 Kg7 44. Ra7+ Kh6 45. f4 Kxh5 46. g7 Kg4 47. g8=Q+ Kxf4 48.
Rf7+ Ke3 49. Qg5+ Ke2 50. Rf2+ Kd1 51. Qd2#  1-0

[Event "British Chess Championships 2023: First Blitz Open"]
[Site "The Venue, De Montfort University, 20 Western Boulevard, Leicester, LE2 7BU"]
[Date "2023.07.20"]
[Round "3"]
[Board "9"]
[White "Gay, Conor DI"]
[Black "Pal, Rohan"]
[Result "0-1"]
[WhiteElo "1909"]
[BlackElo "1776"]
[PlyCount "0"]
[EventDate "2023.07.20"]
[EventRounds "9"]
[EventCountry "ENG"]

1. e4 c5 2. Nf3 e6 3. d3 d5 4. exd5 exd5 5. Be2 Nf6 6. O-O Be7 7. h3 O-O 8. Bf4 Be6
9. Re1 Nc6 10. Nbd2 Qd7 11. Ng5 Bf5 12. Nf1 Nd4 13. Ng3 Nxe2+ 14. Qxe2 Rfe8 15. Nxf5
Qxf5 16. Qd2 Nh5 17. Be3 d4 18. g4 dxe3 19. Qxe3 Qxg5 20. Qxg5 Bxg5 21. gxh5 Bd2
22. Re4 Rxe4 23. dxe4 Rd8 24. Rd1 Bg5 25. Rd5 Rxd5 26. exd5 c4 27. Kg2 Kf8 28. Kf3
Ke7 29. Ke4 Kd6 30. f4 Bf6 31. b3 cxb3 32. axb3 b5 33. c4 bxc4 34. bxc4 a5  0-1

[Event "British Chess Championships 2023: First Blitz Open"]
[Site "The Venue, De Montfort University, 20 Western Boulevard, Leicester, LE2 7BU"]
[Date "2023.07.20"]
[Round "3"]
[Board "10"]
[White "Mandnikar, Atreya"]
[Black "Ortiz Sanchez, Luis"]
[Result "0-1"]
[WhiteElo "1602"]
[BlackElo "1894"]
[PlyCount "0"]
[EventDate "2023.07.20"]
[EventRounds "9"]
[EventCountry "ENG"]

1. e4 Nf6 2. Nc3 d5 3. exd5 Nxd5 4. d4 Nxc3 5. bxc3 g6 6. Nf3 Bg7 7. Bd3 O-O 8. O-O
c5 9. Be3 Nc6 10. dxc5 Bxc3 11. Rb1 Qa5 12. Bc4 Bf5 13. Bb3 Rad8 14. Qe2 Rd7 15.
Rfd1 Rfd8 16. Rxd7 Rxd7 17. Bg5 Qxc5 18. Bc4 b6 19. Bb5 Bg4 20. h3 Nd4 21. Nxd4 Bxe2
22. Bxd7 Qxd4 23. Bxe7 Qxd7 24. Bg5 Bd4 25. Re1 Qe6 26. Bh6 Bc3 27. Rb1 Bc4 28. a3
Qf5 29. Rd1 Qc8 30. Rd6 Bg7 31. Bg5 f6 32. Be3 Qc7 33. Rd4 Bf7 34. Rd2 f5 35. Bg5
Bf8 36. g3 h6 37. Be3 Bxa3 38. Bxh6 Bc1 39. Bf4 Qe7 40. Rd4 Bxf4 41. Rxf4 Qe1+ 42.
Kg2 Bd5+ 43. Kh2 Qh1#  0-1

[Event "British Chess Championships 2023: First Blitz Open"]
[Site "The Venue, De Montfort University, 20 Western Boulevard, Leicester, LE2 7BU"]
[Date "2023.07.20"]
[Round "3"]
[Board "11"]
[White "Gopakumar, Siddharth"]
[Black "Graff, Ben"]
[Result "1/2-1/2"]
[WhiteElo "1892"]
[BlackElo "1705"]
[PlyCount "0"]
[EventDate "2023.07.20"]
[EventRounds "9"]
[EventCountry "ENG"]

1. e4 e6 2. d4 d5 3. Bd3 dxe4 4. Bxe4 Nf6 5. Bf3 c6 6. Ne2 Bd6 7. O-O O-O 8. c4 Re8
9. Bf4 h6 10. Nbc3 Bxf4 11. Nxf4 Nbd7 12. Nd3 Qb6 13. Ne2 e5 14. Nxe5 Nxe5 15. dxe5
Rxe5 16. Qd4 Qxd4 17. Nxd4 Bg4 18. Bxg4 Nxg4 19. Rfe1 Rae8 20. Rxe5 Rxe5 21. h3 Nf6
22. f3 c5 23. Nb5 a6 24. Nc3 Kf8 25. Rd1 Ke7 26. Kf2 b6 27. Na4 Re6 28. g4 Nd7 29.
Nc3 Nf6 30. a3 Rd6 31. Re1+ Re6 32. Rxe6+ Kxe6 33. Na4 Nd7 34. Ke3 b5 35. cxb5 axb5
36. Nc3 b4 37. axb4 cxb4 38. Ne2 Kd5 39. b3 Nc5 40. Nc1 g5 41. Nd3 Nxd3 42. Kxd3
f6  1/2-1/2

[Event "British Chess Championships 2023: First Blitz Open"]
[Site "The Venue, De Montfort University, 20 Western Boulevard, Leicester, LE2 7BU"]
[Date "2023.07.20"]
[Round "3"]
[Board "12"]
[White "Gay, Simon P"]
[Black "Bartram, William"]
[Result "0-1"]
[WhiteElo "1846"]
[BlackElo "1932"]
[PlyCount "0"]
[EventDate "2023.07.20"]
[EventRounds "9"]
[EventCountry "ENG"]

1. e4 c5 2. Nc3 e6 3. f4 Ne7 4. Nf3 d5 5. e5 Nbc6 6. Bb5 a6 7. Bxc6+ Nxc6 8. O-O
Be7 9. d3 O-O 10. b3 c4 11. bxc4 dxc4 12. d4 b5 13. Be3 Bb7 14. Rb1 Qa5 15. Qd2 Bb4
16. Rxb4 Qxb4 17. d5 exd5 18. Nxd5 Qxd2 19. Nxd2 Rad8 20. Nb6 Nb4 21. c3 Nd5 22.
Nxd5 Rxd5 23. Nf3 Rd3 24. Bc5 Rc8 25. Bb4 Bxf3 26. gxf3 Rcd8 27. Kg2 Rd2+ 28. Rf2
Rxf2+ 29. Kxf2 Rd2+ 30. Kg3 Rxa2 31. f5 a5 32. Bc5 Rc2 33. e6 Re2 34. e7 f6 35. f4
Kf7 36. Kf3 Rxh2 37. Ke3 Rh3+ 38. Ke4 Rxc3 39. e8=Q+ Kxe8 40. Bb4 axb4 41. Kd5 b3
42. Kc5 b2 43. Kxb5 b1=Q+ 44. Kc5 Rc1 45. Kc6 Rd1 46. Kc7 c3 47. Kc6 c2 48. Kc5 c1=Q#
 0-1

[Event "British Chess Championships 2023: First Blitz Open"]
[Site "The Venue, De Montfort University, 20 Western Boulevard, Leicester, LE2 7BU"]
[Date "2023.07.20"]
[Round "3"]
[Board "13"]
[White "Hankey, Chris P"]
[Black "Goss, Alex"]
[Result "0-1"]
[WhiteElo "1680"]
[BlackElo "1801"]
[PlyCount "0"]
[EventDate "2023.07.20"]
[EventRounds "9"]
[EventCountry "ENG"]

1. d4 d5 2. c4 c6 3. cxd5 cxd5 4. Nc3 Nf6 5. Nf3 Nc6 6. Bg5 h6 7. Bxf6 gxf6 8. e3
Bg4 9. Be2 e6 10. h3 Bh5 11. g4 Bg6 12. a3 Bd6 13. Bd3 Qd7 14. Qc2 Ne7 15. Nh4 Bxd3
16. Qxd3 h5 17. Ke2 O-O-O 18. Nb5 Kb8 19. f4 a6 20. Nxd6 Qxd6 21. f5 Qg3 22. Nf3
Qg2+ 23. Kd1 Qxh1+ 24. Ne1 hxg4 25. fxe6 fxe6 26. hxg4 Rh2 27. Rc1 Rxb2 28. Qc3 Rc8
29. Qxb2 Rxc1+ 30. Qxc1 Qg1 31. Qc5 Qxg4+ 32. Kd2 Nc6 33. Qf8+ Ka7 34. Qc5+ Kb8 35.
Qf8+ Ka7 36. Qc5+ Ka8 37. Qf8+ Nb8 38. Qxf6 Qf5 39. Qxf5 exf5 40. Nd3 Nc6 41. Nf4
Ne7 42. Kc3 Kb8 43. Kb4 b6 44. Ne6 Kc8 45. Ng5 Kd7 46. Nf3 Kd6 47. Ne5 Nc6+ 48. Nxc6
Kxc6 49. a4 Kd6 50. Kc3 a5 51. Kd3 Kc6 52. Kc3 b5 53. Kb3 b4 54. Kc2 Kd6 55. Kb3
Ke6 56. Kc2 Kf6 57. Kb3 Kg5 58. Kc2 Kg4 59. Kd3 Kf3 60. Kd2 Ke4 61. Ke2 f4 62. exf4
Kxf4 63. Kd3 Kf3  0-1

[Event "British Chess Championships 2023: First Blitz Open"]
[Site "The Venue, De Montfort University, 20 Western Boulevard, Leicester, LE2 7BU"]
[Date "2023.07.20"]
[Round "3"]
[Board "14"]
[White "Hayes, Solomon"]
[Black "Vashisht-Pigem, Raman"]
[Result "0-1"]
[WhiteElo "1781"]
[BlackElo "1695"]
[PlyCount "0"]
[EventDate "2023.07.20"]
[EventRounds "9"]
[EventCountry "ENG"]

1. e4 e6 2. d4 d5 3. Nd2 Nc6 4. c3 dxe4 5. Nxe4 Nf6 6. Nxf6+ Qxf6 7. Bd3 Bd6 8. Nf3
h6 9. O-O O-O 10. Re1 e5 11. dxe5 Nxe5 12. Nxe5 Bxe5 13. Qc2 Bd7 14. Be3 Bc6 15.
Be4 Bxh2+ 16. Kxh2 Qe5+ 17. Kg1 Bxe4 18. Bxh6 Bxc2 19. Rxe5 gxh6 20. Rae1 f6 21.
Re7 Rf7 22. R7e6 Bf5 23. R6e3 Rd8 24. Rh3  0-1

[Event "British Chess Championships 2023: First Blitz Open"]
[Site "The Venue, De Montfort University, 20 Western Boulevard, Leicester, LE2 7BU"]
[Date "2023.07.20"]
[Round "4"]
[Board "1"]
[White "Han, Yichen"]
[Black "Badacsonyi, Stanley"]
[Result "0-1"]
[WhiteElo "2355"]
[BlackElo "2231"]
[PlyCount "0"]
[EventDate "2023.07.20"]
[EventRounds "9"]
[EventCountry "ENG"]

1. Nf3 Nf6 2. d4 g6 3. c4 Bg7 4. Nc3 d6 5. e4 O-O 6. Be2 e5 7. O-O Nc6 8. dxe5 dxe5
9. Bg5 Be6 10. Nd5 Re8 11. h3 Bxd5 12. cxd5 Nd4 13. Nxd4 exd4 14. f3 c5 15. Qd2 Qb6
16. Rab1 h6 17. Bh4 Rac8 18. Bf2 Qd6 19. b4 b6 20. Bb5 Re7 21. Bc6 Nh5 22. Rfc1 f5
23. exf5 gxf5 24. Re1 Be5 25. Bh4 Rg7 26. Kh1 Bg3 27. Re6 Qf4 28. Qxf4 Nxf4 29. Rxh6
Bxh4 30. Rxh4 Nxg2 31. Rh6 Ne3 32. bxc5 bxc5 33. Re6 c4 34. Bb5 c3 35. Bd3 Nxd5 36.
Bxf5 Rf8 37. Bd3 Nf4 38. Bc4 Nxe6 39. Bxe6+ Kh8 40. Bd5 d3 41. Be4 c2 42. Rf1 Rd7
43. f4 Rd4 44. Bg6 Rfxf4 45. Rg1 Rh4 46. Bf5 Rdf4 47. Be6 d2  0-1

[Event "British Chess Championships 2023: First Blitz Open"]
[Site "The Venue, De Montfort University, 20 Western Boulevard, Leicester, LE2 7BU"]
[Date "2023.07.20"]
[Round "4"]
[Board "2"]
[White "Wells, Tony D"]
[Black "Dong, Bao Nghia"]
[Result "0-1"]
[WhiteElo "2070"]
[BlackElo "2310"]
[PlyCount "0"]
[EventDate "2023.07.20"]
[EventRounds "9"]
[EventCountry "ENG"]

1. e4 e6 2. d4 d5 3. Nc3 Bb4 4. Bd3 dxe4 5. Bxe4 Nf6 6. Bd3 b6 7. Qf3 Qd5 8. Bd2
Qxf3 9. Nxf3 Bb7 10. Ne5 O-O 11. a3 Bd6 12. Nc4 Nc6 13. Nxd6 cxd6 14. Ne2 e5 15.
c3 Na5 16. O-O Rfe8 17. Bc2 Nc4 18. Bc1 b5 19. Re1 exd4 20. cxd4 Nd5 21. b3 Ncb6
22. Bd3 b4 23. a4 a5 24. Bf4 Rxe2 25. Bxd6 Rxe1+ 26. Rxe1 Nf6 27. Bc5 Nbd7 28. Bb5
Bd5 29. Re7 Nxc5 30. dxc5 Rc8  0-1

[Event "British Chess Championships 2023: First Blitz Open"]
[Site "The Venue, De Montfort University, 20 Western Boulevard, Leicester, LE2 7BU"]
[Date "2023.07.20"]
[Round "4"]
[Board "3"]
[White "Dhemrait, Jagdeep"]
[Black "Stubbs, Oliver"]
[Result "0-1"]
[WhiteElo "1718"]
[BlackElo "2050"]
[PlyCount "0"]
[EventDate "2023.07.20"]
[EventRounds "9"]
[EventCountry "ENG"]

1. e4 e6 2. d4 d5 3. e5 c5 4. c3 Nc6 5. Nf3 Bd7 6. Be2 Nge7 7. Na3 cxd4 8. cxd4 Nf5
9. Nc2 Qb6 10. O-O Rc8 11. g4 Nfe7 12. a3 h5 13. g5 Nf5 14. b4 g6 15. b5 Na5 16.
Nb4 Be7 17. Rb1 O-O 18. Qd3 Rc4 19. Qd1 Rc7 20. a4 Rfc8 21. Bf4 Nc4 22. Qd3 Qa5 23.
Qb3 Nb6 24. Bd2 Qxa4 25. Qxa4 Nxa4 26. Ra1 Nc3 27. Bxc3 Rxc3 28. Nd3 Bxb5 29. Nfe1
Nxd4  0-1

[Event "British Chess Championships 2023: First Blitz Open"]
[Site "The Venue, De Montfort University, 20 Western Boulevard, Leicester, LE2 7BU"]
[Date "2023.07.20"]
[Round "4"]
[Board "4"]
[White "Pilley, Jack"]
[Black "Khan, Mohammed"]
[Result "1-0"]
[WhiteElo "2037"]
[BlackElo "1949"]
[PlyCount "0"]
[EventDate "2023.07.20"]
[EventRounds "9"]
[EventCountry "ENG"]

1. e4 e5 2. Nc3 Nf6 3. f4 d5 4. fxe5 Nxe4 5. Qf3 Nc6 6. Bb5 Nxc3 7. dxc3 Qh4+ 8.
g3 Qe4+ 9. Qxe4 dxe4 10. Ne2 Bd7 11. Bxc6 Bxc6 12. Be3 O-O-O 13. Nd4 Bd5 14. O-O-O
Bc5 15. Nf5 Bxe3+ 16. Nxe3 Be6 17. Rd4 Rxd4 18. cxd4 c6 19. Re1 Kc7 20. c4 Rd8 21.
Rd1 b5 22. b3 bxc4 23. bxc4 f5 24. Kc2 g6 25. Kc3 Bf7 26. d5 cxd5 27. cxd5 Rc8 28.
Kd4 Be8 29. Rc1+ Kd8 30. Rxc8+ Kxc8 31. Kc5 Kc7 32. e6 Kd8 33. d6 Ba4 34. Kd5 Bb5
35. Ke5 a5 36. Kf6 a4 37. Kg7 a3 38. Kf8  1-0